000 01893nam0a2200373 4500
001 RU\NLR\BIBL_A\022712792
005 20260423154926.0
010 _a978-5-17-135370-4
_91500
021 _aRU
_bКН-П-25-074686
_9КН-П-25-7246
035 _a(NLR Aleph) 022712792
090 _a13696452
_c13696452
100 _a20260130d2025 u y0rusy50 ca
101 0 _arus
102 _aRU
105 _aa z 000ay
181 0 _ai3
_baxxe
182 0 _an
200 1 _aПриложение к фотоальбому
_eроман, повести, рассказы
_fВладислав Отрошенко
_gхудожник Андрей Бондаренко
_gиллюстрации Дмитрия Крымова
203 _aТекст
_bвизуальный
_cнепосредственный
210 _aМосква
_cАСТ, Редакция Елены Шубиной
_d2025 (макет 2026)
215 _a284, [1] с.
_cил.
_d21
225 1 _aСовсем другое время
300 _aСодержит нецензур. брань
327 1 _aСодерж.: Приложение к фотоальбому: роман; Двор прадеда Гриши: десять новелл и эпилог; Новочеркасск: повесть в рассказах; рассказы: Из жизни олуха и его приятеля; Старуха Тамара; Гость
333 _a18+
686 2 _aШ6(2=Р)8-44
700 1 _aОтрошенко
_bВ. О.
_f1959-
_gВладислав Олегович
_3RU\NLR\AUTH\77115379
702 1 _aБондаренко
_bА. Л.
_cхудожник
_f1964-
_gАндрей Леонидович
_3RU\NLR\AUTH\7773317
_4040
702 1 _aКрымов
_bД. А.
_f1954-
_gДмитрий Анатольевич
_4440
942 _cBOOK
980 _aNB